000 01038cam a2200289 a 4500
001 17134315
005 20150314141806.0
008 120125s2012 flua be 001 0 eng
010 _a 2012002700
020 _a9781439804421 (set hardcover : alk. paper)
020 _a9781439894811 (v. 1 hardcover : alk. paper)
020 _a9781439894828 (v. 2 hardcover : alk. paper)
040 _aDLC
_cDLC
_dDLC
082 0 0 _a628
_222
_bENC
245 0 0 _aEncyclopedia of environmental science and engineering /
_cedited by Edward N. Ziegler.
250 _a6th ed.
260 _aBoca Raton, FL :
_bCRC PressTaylor & Francis Group,
_cc.2012.
300 _a2 v. (xxvi, 1386 p.) :
_bill., maps ;
_c29 cm.
504 _aIncludes bibliographical references and index.
505 0 _av. 1. A-L -- v. 2. M-Z.
650 0 _aEnvironmental engineering
_vEncyclopedias.
650 0 _aEnvironmental sciences
_vEncyclopedias.
653 _bENGGEN
_cMarch2015
655 _vreading book
_934232
700 1 _aZiegler, E. N.
_q(Edward N.)
942 _2ddc
999 _c19020
_d18992